Coupe du Monde Rugby: Pays de Galles - Statistiques

Statistiques générales
  • Ce quiz a été pris 63 fois
  • Le résultat moyen est 16 sur 17
Statistiques - réponses
Réponse % Correct
Afrique du Sud
100%
Angleterre
100%
France
100%
Nouvelle-Zélande
100%
Australie
98%
Irlande
98%
Fidji
94%
Italie
92%
Japon
92%
Argentine
91%
Tonga
91%
Canada
87%
Géorgie
87%
Samoa
85%
Samoa Occidentales
85%
Uruguay
83%
Namibie
79%
Aucun quiz correspondant
Distribution des résultats
% des personnes avec chaque résultat
Percentile par nombre de réponses
Votre historique - résultats
Vous n’avez pas pris ce quiz